[Event "Sherbrooke op-C"]
[Site "Sherbrooke"]
[Date "2008.05.25"]
[Round "4"]
[White "Thomsen, Gunther"]
[Black "Boutin, Andre"]
[Result "1/2-1/2"]
[WhiteElo "1063"]
[BlackElo "1294"]
[PlyCount "67"]
[EventDate "2008.05.23"]
[EventType "swiss"]
[EventRounds "5"]
[EventCountry "CAN"]
[SourceTitle "EXT 2011"]
[Source "ChessBase"]
[SourceDate "2010.11.26"]
[SourceVersion "1"]
[SourceVersionDate "2010.11.26"]
[SourceQuality "1"]

1. e4 c5 2. Nf3 Nc6 3. Bb5 e6 4. c3 d6 5. Bxc6+ bxc6 6. d4 cxd4 7. cxd4 Nf6 8. Bg5 Be7 9. Nc3 Ba6 10. Qa4 Bb7 11. 0-0 0-0 12. Rfe1 Re8 13. b4 Qc7 14. a3 Nd7 15. Bd2 Nb6 16. Qc2 Nc4 17. Bf4 e5 18. dxe5 Nxe5 19. Nxe5 dxe5 20. Bg3 Rac8 21. Ne2 c5 22. bxc5 Bxc5 23. Kh1 Qe7 24. Qb2 Rb8 25. f3 Kh8 26. Nc3 Bd4 27. Qd2 f6 28. Bf2 Red8 29. Bxd4 exd4 30. Nd5 Bxd5 31. exd5 Qc5 32. Red1 Rxd5 33. Rab1 Rbd8 34. Qb4 1/2-1/2

[Event "Sherbrooke op C"]
[Site "Sherbrooke"]
[Date "2007.05.27"]
[Round "4"]
[White "Boutin, Andre"]
[Black "Saint Vincent, Gagne Felix"]
[Result "1-0"]
[WhiteElo "1317"]
[BlackElo "1222"]
[PlyCount "41"]
[EventDate "2007.05.25"]
[EventType "swiss"]
[EventRounds "5"]
[EventCountry "CAN"]
[SourceTitle "EXT 2022"]
[Source "ChessBase"]
[SourceDate "2021.10.06"]
[SourceVersion "1"]
[SourceVersionDate "2021.10.06"]
[SourceQuality "1"]

1. e4 e5 2. Nf3 Nc6 3. Bc4 Nf6 4. 0-0 Be7 5. d4 exd4 6. e5 Ne4 7. Bd5 Ng5 8. Bxc6 Nxf3+ 9. Bxf3 d6 10. Qxd4 dxe5 11. Qxe5 0-0 12. Qg3 Bf6 13. Nc3 c6 14. Bg4 Bxg4 15. Qxg4 Re8 16. Be3 Qe7 17. g3 a6 18. Rfe1 Bxc3 19. bxc3 Qf6 20. Kg2 Qxc3 21. Bd4 1-0

[Event "Sherbrooke Perpetuelles 11-15"]
[Site "Sherbrooke"]
[Date "2003.09.05"]
[Round "3"]
[White "Jolin, Fernand"]
[Black "Boutin, Andre"]
[Result "1/2-1/2"]
[WhiteElo "1380"]
[BlackElo "1491"]
[PlyCount "107"]
[EventDate "2003.08.??"]
[EventType "swiss"]
[EventRounds "5"]
[EventCountry "CAN"]
[SourceTitle "EXT 2006"]
[Source "ChessBase"]
[SourceDate "2005.11.24"]
[SourceVersion "1"]
[SourceVersionDate "2005.11.24"]
[SourceQuality "1"]

1. Nf3 c5 2. g3 Nc6 3. Bg2 d5 4. 0-0 e6 5. d4 cxd4 6. Nxd4 Nxd4 7. Qxd4 Nf6 8. Bg5 Be7 9. Nc3 0-0 10. Bxf6 Bxf6 11. Qd1 Qc7 12. Qd2 Bxc3 13. Qxc3 Qxc3 14. bxc3 Rb8 15. e4 dxe4 16. Bxe4 Bd7 17. c4 b6 18. Rfd1 Ba4 19. Rd2 Rfd8 20. Rad1 Rxd2 21. Rxd2 Kf8 22. f4 Ke7 23. g4 Rd8 24. Rxd8 Kxd8 25. c3 Kd7 26. Bxh7 g6 27. h4 Bd1 28. h5 gxh5 29. gxh5 Bxh5 30. Kf2 Bg6 31. Bxg6 fxg6 32. Ke3 Kd6 33. Ke4 e5 34. fxe5+ Ke6 35. a4 a5 36. Kd4 Kd7 37. Kd5 g5 38. c5 bxc5 39. Kxc5 Ke6 40. Kd4 g4 41. Ke4 g3 42. Kf3 Kxe5 43. Kxg3 Kd5 44. Kf3 Kc4 45. Ke3 Kb3 46. Kd3 Kxa4 47. Kc4 Ka3 48. Kb5 a4 49. c4 Kb3 50. c5 a3 51. c6 a2 52. c7 a1Q 53. c8Q Qa4+ 54. Kb6 1/2-1/2